000 00764nam a2200265 a 4500
001 vtls000969220
003 NLI
005 20210627095144.0
008 120112s1914 enk 000 0 eng
039 9 _y201201121808
_zEntertech_02
040 0 _aNLI
_beng
_cEntertech-2011
_eAACR2
041 0 _aeng
044 _aenk
084 _a108.D.51
100 1 _aBeck, James H.
_9909570
245 1 0 _aAmerica's view of Germany's case /
_cJames H. Beck and Charles W. Eliot
260 _aLondon :
_bCentral Committee,
_c1914
300 _a32 p. ;
_c20 cm.
651 0 _aWorld war, 1914-1918
_9862767
700 1 _aEliot , Charles W.
_9704551
887 _a
901 _aIMP57120 :
_b26.8.2010
902 _a108.D.51
999 _aVIRTUA
_c793147
_d793147
942 _2ddc
_cBKS